01424cam a2200301 i 45000010005000000030008000050050017000130080039000300350018000690400032000870410008001190820031001271000033001582450057001912600076002483000034003245000092003585040053004506500031005036500018005346500044005527100067005969420012006639990015006759520145006909520142008359520145009771691BD-RjUL20211208233405.0131208s1965 it a b i001 0 eng a(BD-RjUL)1718 aDLCcDLCdDLCdBD-RjULbeng aeng00a304.60151952219bZAS 19651 aZarkovich, Slobodan S.9560310aSampling methods and censuses /cby S. S. Zarkovich. aRome :bFood and Agriculture Organization of the United Nations,c1965. avii, 213 p. :bill. ;c23 cm. a"First draft ... appeared in 1957 under title Sampling methods and censuses, volume I." aIncludes bibliographical references and indexes. 0aSampling (Statistics)9967 0aCensus.95174 0aAgriculturexStatistical methods.956042 aFood and Agriculture Organization of the United Nations.95605 2ddccBK c1691d1691 00102ddc40708NFICaRUCLbRUCLcstackd1964-03-05eMirza bookg11.38l0o304.60151952 ZAS 1965r2013-12-08 00:00:00tC-3w2021-12-08yBK 00102ddc40708NFICaRUCLbRUCLcStackd1968-01-21eZitlingerg7.16l0o304.60151952 ZAS 1965r2014-05-21 00:00:00tC-2w2014-05-21yBK 00102ddc40718NFICaRUCLbRUCLcReadingd1968-11-21eZitlingerg17.16l0o304.60151952 ZAS 1965r2014-05-21 00:00:00tC-1w2014-05-21yBK